Detalles MARC
| 000 -ENCABEZADO |
| Número de control [NR] |
02101 a2200301 4500 |
| 005 - FECHA Y HORA DE LA ÚLTIMA TRANSACCIÓN |
| control field |
20140813102722.0 |
| 008 - DE LONGITUD FIJA DE DATOS DE ELEMENTOS - INFORMACIÓN GENERAL |
| Elementos de longitud fija [NR] |
140813s205 xxua gs|||| 00| 0 eng d |
| 040 ## - FUENTE DE CATALOGACION [NR] |
| Agencia de catalogación original [NR] |
CO-BoUCM |
| Idioma de catalogación [NR] |
spa |
| Quien Cataloga |
Jose A. Gerena |
| Quien Clasifica |
Jose A. Gerena |
| 041 0# - CODIGO DE IDIOMA [R] |
| Código de idioma para texto/pista de sonido o título separado [R] |
Inglés |
| 092 ## - SIGNATURA TOPOGRAFICA LOCAL |
| Número de clasificación local |
DVD 1449 |
| 245 14 - MENCION DE TITULO [NR] |
| Título [NR] |
The Simpsons |
| Parte restante del título [NR] |
the complete sixth season |
| Mención de responsabilidad, etc. [NR] |
creado por Matt Groening |
| 260 ## - PUBLICACION, DISTRIBUCION, ETC. (PIE DE IMPRENTA) [R] |
| Lugar de publicación, distribución, etc. [R] |
Los Ángeles (Estados Unidos) |
| Nombre del editor, distribuidor, etc. [R] |
Twentieth Century Fox |
| Fecha de publicación, distribución, etc. [R] |
2005 |
| 300 ## - DESCRIPCION FISICA [R] |
| Extensión [R] |
4 DVD |
| Otros detalles físicos [NR] |
imagen, sonido, color |
| 500 ## - NOTA GENERAL [R] |
| Nota general [NR] |
SINOPSIS. es una serie estadounidense de comedia, en formato de animación, creada por Matt Groening para Fox Broadcasting Company y emitida en varios países del mundo. La serie es unasátira de la sociedad estadounidense que narra la vida y el día a día de una familia de clase media de ese país (cuyos miembros son Homer, Marge, Bart, Lisa y Maggie Simpson) que vive en un pueblo ficticio llamadoSpringfield. |
| 505 ## - NOTA DE CONTENIDO CON FORMATO PREESTABLECIDO [R] |
| Información miscelánea [R] |
Disco 1. |
| State manifest and birth record (1764-1977). |
Bart of Darkness. -- Lisa’s Rival. -- Another Simpsons Clip Show. -- Itchy & Scratchy Land. -- Sideshow Bob Roberts. -- Treehouse of Horror V. -- Bart’s Girlfriend). |
| 505 ## - NOTA DE CONTENIDO CON FORMATO PREESTABLECIDO [R] |
| Información miscelánea [R] |
Disco 2. |
| State manifest and birth record (1764-1977). |
Lisa on Ice. -- Homer: Bad Man. -- Grampa vs. Sexual Inadequacy. -- Fear of Flying. -- Homer the Great. -- And Maggie Makes three. -- Bart’s Comet. |
| 505 ## - NOTA DE CONTENIDO CON FORMATO PREESTABLECIDO [R] |
| Información miscelánea [R] |
Disco 3. |
| State manifest and birth record (1764-1977). |
Homie the Clown. -- Bart vs. Australia. -- Homer vs. Patty and Selma. -- A Star is Burns. -- Lisa’s Wedding. -- Two Dozens and One Greyhounds. -- The PTA Disbands. |
| 505 ## - NOTA DE CONTENIDO CON FORMATO PREESTABLECIDO [R] |
| Información miscelánea [R] |
Disco 4. |
| State manifest and birth record (1764-1977). |
Round Springfield. -- The Springfield Connection. -- Lemon of Troy. -- Who Shot Mr. Burns? |
| 508 ## - NOTA DE CREDITOS DE CREACION/PRODUCCION [R] |
| Nota de créditos de creación/producción [NR] |
CRÉDITOS: Creado por Marr Groening; desarrollado por Jones L. Brooks, Matt Groening, Sam Simon; producción ejecutiva Jones L. Brooks, Matt Groening, Sam Simon. |
| 546 ## - NOTA DE IDIOMA [R] |
| Nota de idioma [NR] |
Audio en inglés. |
| 650 #7 - ASIENTO SECUNDARIO DE MATERIA - TERMINO TEMATICO [R] |
| 9 (RLIN) |
13219 |
| Término temático o nombre geográfico como elemento de entrada [NR] |
Dibujos animados |
| Subdivisión de forma [R] |
DVD |
| 650 #7 - ASIENTO SECUNDARIO DE MATERIA - TERMINO TEMATICO [R] |
| 9 (RLIN) |
22530 |
| Término temático o nombre geográfico como elemento de entrada [NR] |
Programas de televisión |
| Subdivisión de forma [R] |
DVD |
| 650 #7 - ASIENTO SECUNDARIO DE MATERIA - TERMINO TEMATICO [R] |
| 9 (RLIN) |
26230 |
| Término temático o nombre geográfico como elemento de entrada [NR] |
Vida familiar |
| Subdivisión de forma [R] |
DVD |
| 690 ## - ASUNTO AGREGADO LOCAL DE ENTRADA - TÉRMINO TEMÁTICO (OCLC, RLIN) |
| 9 (RLIN) |
42805 |
| Acceso temático local |
Entretenimiento |
| 700 1# - ASIENTO SECUNDARIO - NOMBRE PERSONAL [R] |
| Nombre personal [NR] |
Groening, matt |
| 9 (RLIN) |
63750 |
| 710 2# - ASIENTO SECUNDARIO - NOMBRE CORPORATIVO [R] |
| Nombre corporativo o de jurisdicción como elemento de entrada [NR] |
Twentieth Century Fox |
| 9 (RLIN) |
51777 |
| 942 ## - ELEMENTOS DE ENTRADA AGREGADOS (KOHA) |
| Source of classification or shelving scheme |
LOCAL |
| Tema principal |
Entretenimiento |
| Koha item type |
Multimedia |
| Edition |
1 |
| Classification part |
DVD 1449 |